Explaining explanation
Αποθηκεύτηκε σε:
| Κύριος συγγραφέας: | |
|---|---|
| Μορφή: | Βιβλίο |
| Γλώσσα: | English |
| Δημοσίευση: |
London :
Routledge,
1992
|
| Σειρά: | Problems of philosophy
|
| Θέματα: | |
| Ετικέτες: |
Προσθήκη ετικέτας
Δεν υπάρχουν, Καταχωρήστε ετικέτα πρώτοι!
|
MARC
| LEADER | 00000nam a2200000 i 4500 | ||
|---|---|---|---|
| 001 | 1/73586 | ||
| 008 | 970826s1992 eng d | ||
| 020 | |a 0-415-08765-1 | ||
| 035 | |a 1993 |b 1 |c Χατζηνικήτα |l 10031555 | ||
| 040 | |a GR-MY-UA |b gre |e aacr | ||
| 041 | 0 | |a eng | |
| 082 | 0 | |a 160 | |
| 100 | 1 | |a Ruben, David-Hillel. | |
| 245 | 1 | 0 | |a Explaining explanation / |c David-Hillel Ruben |
| 260 | |a London : |b Routledge, |c 1992 | ||
| 300 | |a 265 p. | ||
| 490 | 1 | |a Problems of philosophy | |
| 650 | 0 | 0 | |a Explanation. |
| 830 | 0 | |a Problems of philosophy | |
| 852 | |a INST |b RHODES |e 19970826 |h 160 RUB |p 005400009824 |q 005400009824 |t BK |y 0 | ||
| 909 | |a Ρ |b 026672 |c 1993 | ||